<?xml version="1.0" encoding="UTF-8"?>
<record
    xmlns:xsi="http://www.w3.org/2001/XMLSchema-instance"
    xsi:schemaLocation="http://www.loc.gov/MARC21/slim http://www.loc.gov/standards/marcxml/schema/MARC21slim.xsd"
    xmlns="http://www.loc.gov/MARC21/slim">

  <leader>00365    a2200109   4500</leader>
  <datafield tag="245" ind1=" " ind2=" ">
    <subfield code="a">Wind, sand and stars</subfield>
    <subfield code="h">print</subfield>
  </datafield>
  <datafield tag="650" ind1=" " ind2=" ">
    <subfield code="a">literature</subfield>
  </datafield>
  <controlfield tag="005">20191021095738.0</controlfield>
  <datafield tag="260" ind1=" " ind2=" ">
    <subfield code="a">nyu</subfield>
    <subfield code="b">Reynal &amp; Hitchcock</subfield>
    <subfield code="c">[1939]</subfield>
  </datafield>
  <datafield tag="084" ind1=" " ind2=" ">
    <subfield code="a">PQ2637.A274 T43 1939h</subfield>
  </datafield>
  <datafield tag="300" ind1=" " ind2=" ">
    <subfield code="a">9 p.l., 11-306. illus. 22 cm.</subfield>
    <subfield code="b">9 p.l., 11-306. illus. 22 cm.</subfield>
    <subfield code="c">9 p.l., 11-306. illus. 22 cm.</subfield>
  </datafield>
  <datafield tag="999" ind1=" " ind2=" ">
    <subfield code="c">12625</subfield>
    <subfield code="d">12625</subfield>
  </datafield>
</record>
